00433nam a22001337a 4500003000500000038001800005082000800023100001700031245009400048264003500142650003000177700003400207856005800241NUST aNusrat Nadeem a200 aBano, Shaher aActive Analysis of Encrypted Traffic Flows for Application Fingerprinting/cShaher Bano,  aIslamabad:bSEECS NUST.c2025. aMS- Information Security  aSupervisor: Dr. Mehdi Hussain u http://10.250.8.41:8080/xmlui/handle/123456789/53490